000 00743cam a22002292 4500
001 0000003553
005 20151021152553.0
008 070509s xx 000 0 eng d
020 _cKES 230
040 _aKABU
_cKABU
050 0 _aLB1049
_b.O39 1990
100 1 _aOkombo, Okoth.
_@0000159978
245 1 2 _aA Student's guide to writing and study skills /
_cOkoth Okombo.
260 _aNairobi :
_bNairobi University Press,
_c1990.
300 _a116 p.
650 0 _astudy, Methods of.
_@0000159979
650 0 _aWriting.
_@0000159980
852 1 _9p350 KES
852 1 _9p350 KES
908 _a070509
950 _@1
999 _c1502
_d1502